Statystyki dla AstroQuiz

Kliknij tutaj aby rozwiązać quiz!

Ogólne statystyki

  • Ten quiz został rozwiązany 300 razy
  • Średni wynik to 13 z 25

Statystyki odpowiedzi

Pytanie Odpowiedź % poprawnych
2."Wstrzymał Słońce, ruszył Ziemię".Mikołaj Kopernik
100%
1.Na początek łatwizna. Którą planetą od Słońca jest Ziemia? (odpowiedz cyfrą)3
99%
5.Która z planet Układu Słonecznego posiada majestatyczne pierścienie?Saturn
96%
13."Strażnik" Układu Słonecznego (planeta karłowata).Pluton
92%
12.Najmniejsza planeta Układu Słonecznego.Merkury
88%
9.Pierwszy człowiek na Księżycu.Neil Armstrong
88%
17.Galaktyka, w której żyjemy.Droga Mleczna
86%
21.Planeta Układu Słonecznego, która "toczy się jak beczka".Uran
78%
10.Pierwszy pies w kosmosie.Łajka
78%
15.Planeta zwana gwiazdą zaranną lub Jutrzenką.Wenus
73%
25.Pierwiastek, który w większości buduje nasze Słońce.Wodór
70%
8.Pierwszy człowiek w kosmosie.Jurij Gagarin
70%
24.Galaktyka najbliższa Drodze Mlecznej.Andromeda
59%
3.Odkrywca czterech największych księżyców Jowisza.Galileusz
52%
6.Odkrywca ruchu własnego gwiazd oraz pewnej komety.Edmund Halley
50%
4.Jeden z najwybitniejszyk fizyków teoretycznych XX w.Stephen Hawking
43%
14.Najjaśniejsza gwiazda na nocnym niebie.Syriusz
39%
18.Największa znana nam gwiazda.UY Scuti
19%
7.Amerykański astrofizyk, popularyzator nauki i autor wielu "astro" książek.Neil deGrasse Tyson
15%
22.Grupa galaktyk, do której należymy.Grupa Lokalna
12%
20.Przepiękna gromada otwarta, która przypomina wielki wóz (Byk).Plejady
8%
11.Obiekt okrążający Słońce po najdalszej orbicie.Sedna
7%
23.Grecki astronom i matematyk. Podzielił niebo na 48 gwiazdozbiorów.Ptolemeusz
5%
19.Największy gwiazdozbiór na nocnym niebie.Hydra
4%
16.Gwiazda najbliższa Układowi Słonecznemu.Proxima Ceuntauri
1%

Rozkład punktacji

Percentyl według liczby udzielonych odpowiedzi

Procent ludzi z każdym wynikiem

Twoja historia wyników

Nie rozwiązałeś tego quizu